Statistics for MSAs with the Highest Income per Retail Prices

Click here to take the quiz!

General Stats

  • This quiz has been taken 7 times
  • The average score is 10 of 29

Answer Stats

Adjusted Income (k)Answer% Correct
74New York
100%
73Philadelphia
100%
103San Francisco
100%
78Seattle
100%
73Washington, DC
100%
71Austin
86%
84Boston
86%
122San Jose
86%
72Denver
71%
73Nashville
57%
120Bridgeport/Stamford/Norwalk
14%
71Madison
14%
80Napa
14%
76Santa Fe
14%
74Santa Rosa
14%
78Sioux Falls
14%
77Trenton
14%
82Barnstable
0%
88Boulder
0%
77Casper
0%
77Charlottesville
0%
76Fayetteville
0%
70Manchester/Nashua
0%
128Midland
0%
115Naples
0%
76Ocean City, NJ
0%
73Reno
0%
78Santa Cruz
0%
97Sebastian/Vero Beach
0%

Score Distribution

Percentile by Number Answered

Percent of People with Each Score

Your Score History

You have not taken this quiz